Manhattan mango / (Record no. 3569)

MARC details
000 -LEADER
fixed length control field 00640cam a2200229 4500
001 - CONTROL NUMBER
control field 4321
005 - DATE AND TIME OF LATEST TRANSACTION
control field 20181127173150.0
007 - PHYSICAL DESCRIPTION FIXED FIELD--GENERAL INFORMATION
fixed length control field ta
008 - FIXED-LENGTH DATA ELEMENTS--GENERAL INFORMATION
fixed length control field 140623t20142014ii 000 1 eng d
010 ## - LIBRARY OF CONGRESS CONTROL NUMBER
LC control number 2014356136
020 ## - INTERNATIONAL STANDARD BOOK NUMBER
International Standard Book Number 8172345127 (pbk.)
International Standard Book Number 9788172345129 (pbk.)
100 1# - MAIN ENTRY--PERSONAL NAME
Personal name Iyer, Madhuri.
Relator term
245 10 - TITLE STATEMENT
Title Manhattan mango /
Statement of responsibility, etc. Madhuri Iyer.
264 #1 - PRODUCTION, PUBLICATION, DISTRIBUTION, MANUFACTURE, AND COPYRIGHT NOTICE
Place of production, publication, distribution, manufacture New Delhi :
Name of producer, publisher, distributor, manufacturer Fingerprint!,
Date of production, publication, distribution, manufacture, or copyright notice [2014]
300 ## - PHYSICAL DESCRIPTION
Extent 274 pages, 6 unnumbered pages ;
Dimensions 20 cm
336 ## - CONTENT TYPE
Content type term text
Content type code txt
Source rdacontent
337 ## - MEDIA TYPE
Media type term unmediated
Media type code n
Source rdamedia
338 ## - CARRIER TYPE
Carrier type term volume
Carrier type code nc
Source rdacarrier
500 ## - GENERAL NOTE
General note Novel.
530 ## - ADDITIONAL PHYSICAL FORM AVAILABLE NOTE
Additional physical form available note Also available as an e-book.
Holdings
Withdrawn status Lost status Source of classification or shelving scheme Damaged status Not for loan Collection code Home library Current library Shelving location Date acquired Serial Enumeration / chronology Inventory number Total Checkouts Total Renewals Full call number Barcode Date last seen Date last checked out Price effective from Koha item type
    Dewey Decimal Classification     Fiction RTC Library RTC Library Fiction 07/04/2022 7832 1 3 FIC 813.54 IYE 30006887 03/01/2022 25/03/2019 27/11/2018 Fiction
Royal Thimphu College || All Right Reserved